| 000 | 00999cab a2200313 4500 | ||
|---|---|---|---|
| 001 | ABS58999 | ||
| 008 | 090401t1998 xxu||||| |||| 00| 0 eng d | ||
| 035 | _a(Sirsi) u87473 | ||
| 041 | _aeng | ||
| 100 | _aHoare, S. | ||
| 245 | _aSteely style | ||
| 260 | _c1998 | ||
| 350 | _a0 | ||
| 490 |
_aHouse Builder _v57(6) July 1998, 37-38(2) |
||
| 520 | _aReviews the growing interest from the light steel frame industry in the housebuilding market. Compares steel with traditional build and, discusses some of the companies in the market and the projects where steel frames are being used. Comments on overseas market. | ||
| 650 | _aBUILD TIME | ||
| 650 | _aCOST | ||
| 650 |
_aHEALTH AND SAFETY _96244 |
||
| 650 | _aHOUSE BUILDING | ||
| 650 | _aOVERSEAS MARKET | ||
| 650 | _aQUALITY | ||
| 650 | _aSTEEL FRAME | ||
| 650 | _aTHERMAL INSULATION | ||
| 650 | _aTIMBER FRAME | ||
| 650 | _aTRIALS | ||
| 690 | _aBUILT ENVIRONMENT-BUILDING MATERIALS | ||
| 942 | _n0 | ||
| 948 | _c17/07/1998 | ||
| 999 |
_c55171 _d55171 |
||